00459nam a2200169 a 450000100060000000300090000600800410001502000150005604000280007108200160009910000180011524500520013326000350018530000110022065000330023165000250026416926CO-ViMGA141112s2004 ck r 000 u spa d a9582812648 aCO-ViMGAbspacCO-ViMGA04a347.2 P116a1 aPabón, Nora10aEl abogado en edificios y conjuntos de vivienda aBogotá, cIntermedio, c2000 a318.p.14aLEY 675 DE 2001BIENES RAICES14aPROPIEDAD HORIZONTAL